US States with Lowest Elevation Span - Statistics

General Stats
  • This quiz has been taken 43 times
  • The average score is 11 of 14
Answer Stats
Elevation Span State % Correct
345' Florida
98%
1,191' Iowa
85%
1,094' Ohio
85%
447' Delaware
83%
937' Indiana
83%
543' Louisiana
83%
807' Mississippi
83%
811' Rhode Island
83%
955' Illinois
78%
1,542' Missouri
78%
1,803' New Jersey
75%
1,700' Minnesota
70%
1,372' Wisconsin
70%
1,408' Michigan
65%
No matching quizzes found
Score Distribution
Percent of People with Each Score
Percentile by Number Answered
Your Score History
You have not taken this quiz